Contributors to this issue (notice n° 1672198)
[ vue normale ]
| 000 -LEADER | |
|---|---|
| fixed length control field | 01620cam a2200169 4500500 |
| 005 - DATE AND TIME OF LATEST TRANSACTION | |
| control field | 20260301000722.0 |
| 041 ## - LANGUAGE CODE | |
| Language code of text/sound track or separate title | fre |
| 042 ## - AUTHENTICATION CODE | |
| Authentication code | dc |
| 100 10 - MAIN ENTRY--PERSONAL NAME | |
| Personal name | Lafore, Robert |
| Relator term | author |
| 245 00 - TITLE STATEMENT | |
| Title | Contributors to this issue |
| 260 ## - PUBLICATION, DISTRIBUTION, ETC. | |
| Date of publication, distribution, etc. | 2026.<br/> |
| 500 ## - GENERAL NOTE | |
| General note | 90 |
| 520 ## - SUMMARY, ETC. | |
| Summary, etc. | Social policies in Mayotte, a French department since 2011, have been both institutionalised and decentralised, and child protection in particular. Long ruled on by order, this public policy was implemented in Mayotte at the end of the 1990s but with no connection to the long-standing work of public and private players, as was the case in Metropolitan France. Since social child aid was decentralised in the 2000s, child protection has been a heated source of tensions between the state and departments, notably as concerns the relevance of opening maisons d’enfants à caractère social (MECS, children’s homes of a social nature), commonly referred to as “homes”. Two such “homes” will finally be opened in 2019 with the financial support of the Mayotte department. This article begins with an overview of the issues involved in blocking such a project for reasons of resistance to the normalisation of social policies. It then goes on to document the phases in the departmental council’s partial and gradual turnaround towards the opening of this form of collective accommodation. |
| 700 10 - ADDED ENTRY--PERSONAL NAME | |
| Personal name | Outin, Jean-Luc |
| Relator term | author |
| 786 0# - DATA SOURCE ENTRY | |
| Note | Revue française de gestion | 326 | 1 | 2026-02-18 | p. 7-11 | 0338-4551 |
| 856 41 - ELECTRONIC LOCATION AND ACCESS | |
| Uniform Resource Identifier | <a href="https://shs.cairn.info/journal-revue-francaise-de-gestion-2026-1-page-7?lang=en&redirect-ssocas=7080">https://shs.cairn.info/journal-revue-francaise-de-gestion-2026-1-page-7?lang=en&redirect-ssocas=7080</a> |
Pas d'exemplaire disponible.




Réseaux sociaux